| 000 | 00388pab a2200169 454500 | ||
|---|---|---|---|
| 008 | 180718b2007 xxu||||| |||| 00| 0 eng d | ||
| 100 | _aBhatia, Sanjaya | ||
| 245 | _aEnvironment: GIS in disaster management | ||
| 260 | _c2007 | ||
| 300 | _ap.69-71. | ||
| 362 | _aMar | ||
| 650 | _aEnvironment | ||
| 650 | _aDisaster prevention | ||
| 773 | _aYojana | ||
| 908 | _aN | ||
| 909 | _a73512 | ||
| 999 |
_c73512 _d73512 |
||